GRE prep plus 2018 : Practice tests + proven strategies + online + video + mobile
Kaplan's GRE Prep Plus 2021 guides you through the GRE step-by-step, with expert strategies, essential content review, and five online practice tests. Get an advantage on test day with our proven test-taking strategies, math skills review, and one-year access to online practice and lessons.
Salvato in:
| Natura: | Libro |
|---|---|
| Lingua: | Undetermined |
| Pubblicazione: |
New York
Kaplan Publishing
2017
|
| Soggetti: | |
| Tags: |
Aggiungi Tag
Nessun Tag, puoi essere il primo ad aggiungerne! !
|
| Thư viện lưu trữ: | Trung tâm Học liệu Trường Đại học Cần Thơ |
|---|
| LEADER | 00953nam a2200205Ia 4500 | ||
|---|---|---|---|
| 001 | CTU_239650 | ||
| 008 | 210402s9999 xx 000 0 und d | ||
| 082 | |a 378.1662 | ||
| 082 | |b G733 | ||
| 245 | 0 | |a GRE prep plus 2018 : | |
| 245 | 0 | |b Practice tests + proven strategies + online + video + mobile | |
| 260 | |a New York | ||
| 260 | |b Kaplan Publishing | ||
| 260 | |c 2017 | ||
| 520 | |a Kaplan's GRE Prep Plus 2021 guides you through the GRE step-by-step, with expert strategies, essential content review, and five online practice tests. Get an advantage on test day with our proven test-taking strategies, math skills review, and one-year access to online practice and lessons. | ||
| 650 | |a Đại học và Cao đẳng,Universities and colleges | ||
| 650 | |x Kỳ thi,Công việc sau đại học,Examinations,Graduate work | ||
| 650 | |z Hoa Kỳ,United States | ||
| 910 | |b nthai | ||
| 980 | |a Trung tâm Học liệu Trường Đại học Cần Thơ | ||